000 02436cam a22005654i 4500
003 PE-LiUPU
005 20250731180108.0
008 150623s r 000 0 d
020 _a9701010175
035 _a(Sirsi) i9789701010174
040 _aPE-LiUPU
_bspa
_cPE-LiUPU
_erda
049 _aPRUA
082 0 4 _a519.2
_bM77
_221
100 1 _aMontgomery, Douglas C.,
_eautor.
245 1 0 _aProbabilidad y estadística aplicadas a la ingeniería /
_cDouglas C. Montgomery, George C. Runger ; tr. Edmundo Gerardo Urbina Medal.
264 1 _aMéxico :
_bMcGraw Hill Interamericana,
_c1997.
300 _a895 páginas :
_bilustraciones, cuadros, gráficos ;
_c24 centímetros
336 _atext
_2rdacontent
337 _aunmediated
_2rdamedia
338 _avolume
_2rdacarrier
490 0 _aInformática profesional y universitaria
504 _aIncluye bibliografía.
505 0 _aIntroducción y estadística descriptiva. -Probabilidad. -Variables aleatorias y distribuciones de probabilidad discreta. -Variables aleatorias continuas y distribuciones de probabilidad. -Distribuciones de probabilidad conjunta. -Estimación puntual. -Estimación de intervalos. -Prueba de hipótesis. -Regresión lineal simple y correlación. -Regresión lineal múltiple. -Diseño y análisis de experimentos de un solo factor: análisis de varianza. -Diseño de experimentos con varios factores. -Estadísticas no paramétricas. -Control estadístico de calidad.
526 _aSEG44
526 _aSEG26
526 _aP159
526 _aP155
526 _aP154
526 _aP153
526 _aP150
526 _aP100
526 _aP31
526 _aP30
526 _aP26
526 _aP25
526 _aP24
526 _aP22
526 _aP15
526 _aP10
650 0 4 _aIngeniería Estadísticas.
650 0 4 _aIngeniería Modelos matemáticos.
700 1 _aMedal, Edmundo Gerardo,
_etr.
700 1 _aRunger, George C.,
_eautor.
942 _2ddc
_cBOOK
949 _a519.2 M77
_wDEWEY
_c1
_i45270
_d2016-8-22
_e2016-8-22
_lCCODEBUL1
_mBUL
_n2
_r0
_sY
_tBOOK
_u2015-6-24
_xINGENIERIA
_zUNKNOWN
_0COMPRA
_o.STAFF. Colección General
994 _aC0
_bPEPRU
596 _a1
999 _a519.2 M77
_wDEWEY
_c22128
_i45270
_d22128
_e2018-5-14
_f2022-4-19
_g8
_lCCODEBUL1
_mBUL
_n4
_q5
_r0
_sY
_tBOOK
_u2015-6-24
_xINGENIERIA
_zUNKNOWN
_0COMPRA
_o.STAFF. Colección General
980 _81
_gALBERTO SANCHEZ Responsable de Automatización